| 000 | 00854nam a2200181 4500 | ||
|---|---|---|---|
| 001 | 138370 | ||
| 003 | ES-MaACL | ||
| 007 | t| | ||
| 008 | 070214s1931 sp r ||||1| spa d | ||
| 100 | 1 |
_aSancho y Sanz de Larrea, Víctor. _9103058 |
|
| 245 | 1 | 0 |
_aCatálogo de los documentos de carácter histórico (siglos XVI-XIX) existentes en el Archivo del Hospital de Nuestra Señora de Gracia y Buen Suceso de la ciudad de Murcia, hoy día llamado de San Juan de Dios / _cformado por Víctor Sancho y Sanz de Larrea. |
| 260 |
_aMurcia : _b[s. n.], _c1931 ( _fImp. Provincial) |
||
| 300 |
_aXXVI, 208 p. ; _c25 cm. |
||
| 500 | _aPrecede al tít.: Diputación Provincial de Murcia. | ||
| 710 | 2 |
_aHospital de San Juan de Dios (Murcia ). _bArchivo. _94599 |
|
| 710 | 2 |
_aMurcia (Provincia). _bDiputación Provincial. _95801 |
|
| 852 |
_aES-MaACL _jB-9196 _bR.18582 |
||
| 999 |
_c138370 _d138370 |
||